La máquina de inducción funcionando como generador
Zapisane w:
| 1. autor: | |
|---|---|
| Format: | Książka |
| Wydane: |
[San José , Costa Rica]
1977
|
| Etykiety: |
Dodaj etykietę
Nie ma etykietki, Dołącz pierwszą etykiete!
|
MARC
| LEADER | 00000nam a2200000Ia 4500 | ||
|---|---|---|---|
| 003 | 005322 | ||
| 005 | 20221231144325.0 | ||
| 008 | 140114s1977 cr a m 000 ||s d | ||
| 040 | |c cru CEDI | ||
| 090 | |a TFG 2531 | ||
| 100 | |a Alvarado Vargas, José |9 12604 | ||
| 245 | |a La máquina de inducción funcionando como generador | ||
| 260 | |c 1977 |a [San José , Costa Rica] | ||
| 300 | |a 52 hojas :ilustraciones | ||
| 500 | |a Proyecto de graduación.Universidad de Costa Rica. Facultad de Ingeniería. Escuela de Ingeniería Eléctrica | ||
| 942 | |c TFG | ||
| 999 | |c 20176 |d 20176 | ||
